000
00264as aa2200097a 44500
090
_a
SERIADAS
_b
00958
245
1
0
_a
SHILA: Revista de Lepidopterologia
260
_b
Socidad Hispano Luso Americana de Lepidopterología
_a
España
041
0
_a
Español
942
_c
REVISTA
999
_c
17123
_d
17123